[Event "FRA Ch T 4"]
[Site "FRA"]
[Date "2013.04.07"]
[Round "7"]
[White "Krauss, Jean Luc"]
[Black "Tatard, Marie"]
[Result "0-1"]
[WhiteElo "1942"]
[BlackElo "1832"]
[PlyCount "110"]
[EventDate "2012.10.24"]
[EventType "team-match"]
[EventCountry "FRA"]
[SourceDate "2005.09.12"]

1. e4 e6 2. d4 d5 3. Nd2 Nf6 4. e5 Nfd7 5. Bd3 c5 6. c3 Nc6 7. Ne2 cxd4 8. cxd4
Be7 9. O-O O-O 10. f4 f6 11. Nf3 Qb6 12. Kh1 fxe5 13. fxe5 Qc7 14. Bg5 Nb6 15.
Bxe7 Qxe7 16. Rc1 Bd7 17. Bb1 Be8 18. b3 Bh5 19. Qd2 Bxf3 20. gxf3 Rac8 21. f4
Qd7 22. Rg1 Ne7 23. Rxc8 Nbxc8 24. Qc3 Nf5 25. Bxf5 Rxf5 26. Rc1 Nb6 27. Qc7
Qb5 28. Qc2 Nd7 29. Qd2 Nf8 30. Rc8 b6 31. Kg2 h6 32. h4 Qd7 33. Qc2 Qf7 34.
Qd3 Qh5 35. Ng3 Qg4 36. Qf3 Rxf4 37. Qxg4 Rxg4 38. Ra8 a5 39. Rb8 Rxd4 40. Rxb6
Rd2+ 41. Kf3 Rxa2 42. Nh5 Ra1 43. Kg2 Ra2+ 44. Kf3 Ng6 45. Rxe6 Kf7 46. Rd6
Nxe5+ 47. Ke3 Rb2 48. Rxd5 Rxb3+ 49. Ke2 Rb2+ 50. Kf1 Nc6 51. Rd7+ Kg6 52. Nxg7
a4 53. Rd6+ Kxg7 54. Rxc6 a3 55. Ra6 a2 0-1

[Event "FRA Ch T 4"]
[Site "FRA"]
[Date "2013.04.07"]
[Round "7"]
[White "Puech, Armel"]
[Black "Cauvin, Alain"]
[Result "1-0"]
[WhiteElo "1807"]
[BlackElo "1680"]
[PlyCount "31"]
[EventDate "2012.10.24"]
[EventType "team-match"]
[EventCountry "FRA"]
[SourceDate "2005.09.12"]

1. e4 e5 2. Nf3 Nc6 3. Bc4 Bc5 4. c3 a6 5. d4 exd4 6. cxd4 Bb4+ 7. Nc3 h6 8.
O-O Na5 9. Bxf7+ Kf8 10. Nd5 Be7 11. Ne5 Nf6 12. Nxf6 gxf6 13. Ng6+ Kxf7 14.
Nxh8+ Qxh8 15. Qh5+ Kf8 16. Bxh6+ 1-0

[Event "FRA Ch T 4"]
[Site "FRA"]
[Date "2013.04.07"]
[Round "7"]
[White "Brodier, Thierry"]
[Black "Vilmin, Jean Francois"]
[Result "1-0"]
[WhiteElo "1679"]
[BlackElo "1650"]
[PlyCount "47"]
[EventDate "2012.10.24"]
[EventType "team-match"]
[EventCountry "FRA"]
[SourceDate "2005.09.12"]

1. d4 Nf6 2. Nf3 d6 3. Bg5 Nbd7 4. Nc3 g6 5. e4 Bg7 6. Qd2 O-O 7. O-O-O c5 8.
Be2 cxd4 9. Nxd4 Nc5 10. f3 Bd7 11. g4 a6 12. h4 Rc8 13. h5 Qa5 14. hxg6 fxg6
15. Bh6 e5 16. Nb3 Nxb3+ 17. cxb3 Be6 18. Kb1 Bxh6 19. Qxh6 Rf7 20. Rxd6 Rc6
21. Rxc6 bxc6 22. Rd1 Qb6 23. Na4 Qa7 24. Rd8+ 1-0

[Event "FRA Ch T 4"]
[Site "FRA"]
[Date "2013.04.07"]
[Round "7"]
[White "Leroy, Patrick"]
[Black "Regnier, Cedric"]
[Result "1-0"]
[WhiteElo "1790"]
[BlackElo "1664"]
[PlyCount "81"]
[EventDate "2012.10.24"]
[EventType "team-match"]
[EventCountry "FRA"]
[SourceDate "2005.09.12"]

1. e4 c5 2. c3 d5 3. exd5 Qxd5 4. Nf3 Nf6 5. d4 Bg4 6. Be2 e6 7. O-O Nc6 8. Be3
cxd4 9. cxd4 a6 10. Nc3 Qd8 11. h3 Bf5 12. Ne5 Bd6 13. Nxc6 bxc6 14. Qa4 Qc8
15. Bf3 Nd5 16. Nxd5 exd5 17. Bxd5 O-O 18. Qxc6 Qxc6 19. Bxc6 Rab8 20. b3 Rfc8
21. d5 Be5 22. Rac1 Rd8 23. Ba7 Rb4 24. Rfd1 g5 25. Bc5 Re4 26. Be7 Rc8 27.
Bxg5 f6 28. Be3 Rd8 29. d6 Rxe3 30. fxe3 Bxd6 31. Rd4 Kf7 32. Rcd1 Ke7 33. Kf2
Bc2 34. R1d2 Bf5 35. Kf3 a5 36. Be4 Bxe4+ 37. Kxe4 Ke6 38. Rxd6+ Rxd6 39. Rxd6+
Kxd6 40. Kf5 Ke7 41. g4 1-0

[Event "FRA Ch T 4"]
[Site "FRA"]
[Date "2013.04.08"]
[Round "7.1"]
[White "Bardoux, Thierry"]
[Black "Leghbali, Sophiane"]
[Result "1-0"]
[WhiteElo "2143"]
[BlackElo "1899"]
[PlyCount "47"]
[EventDate "2012.10.24"]
[EventType "team-match"]
[EventCountry "FRA"]
[SourceDate "2005.09.12"]

1. d4 d5 2. Nf3 Nf6 3. e3 e6 4. Bd3 c5 5. c3 Nc6 6. O-O Bd7 7. Nbd2 c4 8. Bc2
b5 9. Qe2 Be7 10. Re1 O-O 11. e4 dxe4 12. Nxe4 Nd5 13. Bg5 h6 14. Bd2 Qc7 15.
Ng3 Bd6 16. Ne5 Nce7 17. Qe4 Nf6 18. Qh4 Ned5 19. f4 Bc6 20. Ne4 Be7 21. Qh3
Qb6 22. Nxc6 Qxc6 23. Nxf6+ Nxf6 24. f5 1-0

[Event "FRA Ch T 4"]
[Site "FRA"]
[Date "2013.04.08"]
[Round "7.2"]
[White "Alcidi, Valentin"]
[Black "Vedovotto, Nicolas"]
[Result "0-1"]
[WhiteElo "1819"]
[BlackElo "2099"]
[PlyCount "72"]
[EventDate "2012.10.24"]
[EventType "team-match"]
[EventCountry "FRA"]
[SourceDate "2005.09.12"]

1. d4 Nc6 2. c4 e5 3. d5 Nce7 4. Nc3 Ng6 5. e3 Nf6 6. Bd3 Bc5 7. Nge2 O-O 8. a3
a5 9. O-O d6 10. Ng3 Bd7 11. Nce4 Nxe4 12. Nxe4 Bb6 13. Qh5 Qh4 14. Qxh4 Nxh4
15. Bd2 a4 16. Ng5 h6 17. Nf3 Nf5 18. Rfb1 Bc5 19. b4 axb3 20. Rxb3 b6 21. Rbb1
Bxa3 22. Ra2 Bc5 23. Rba1 Rab8 24. Bc3 Ne7 25. Nd2 b5 26. Ne4 Bb6 27. Bb4 bxc4
28. Bxc4 Nc8 29. Bc3 f5 30. Nd2 Bc5 31. Nb3 Bb4 32. Bb2 Nb6 33. Be2 Nxd5 34.
Bc4 Be6 35. Ra7 c6 36. Re7 Nxe7 0-1

[Event "FRA Ch T 4"]
[Site "FRA"]
[Date "2013.04.08"]
[Round "7.3"]
[White "Sohier, Renaud"]
[Black "Flamant, Jacky"]
[Result "1-0"]
[WhiteElo "2028"]
[BlackElo "1743"]
[PlyCount "31"]
[EventDate "2012.10.24"]
[EventType "team-match"]
[EventCountry "FRA"]
[SourceDate "2005.09.12"]

1. d4 Nf6 2. c4 e5 3. dxe5 Ng4 4. Qd4 d6 5. exd6 Bxd6 6. Qe4+ Be6 7. Nf3 Qf6 8.
Qxb7 O-O 9. Bg5 Qf5 10. Qxa8 Na6 11. Qb7 Bxc4 12. e4 Re8 13. Bxc4 Nc5 14. O-O
Nxe4 15. Qd5 Qxd5 16. Bxd5 1-0

[Event "FRA Ch T 4"]
[Site "FRA"]
[Date "2013.04.08"]
[Round "7.4"]
[White "Husson, Christophe"]
[Black "Noizet, Donatien"]
[Result "0-1"]
[WhiteElo "1763"]
[BlackElo "1940"]
[PlyCount "54"]
[EventDate "2012.10.24"]
[EventType "team-match"]
[EventCountry "FRA"]
[SourceDate "2005.09.12"]

1. e4 d5 2. exd5 Qxd5 3. Nc3 Qd8 4. d4 Nf6 5. Nf3 e6 6. Bd3 c5 7. O-O cxd4 8.
Nxd4 Bc5 9. Nb3 Bb6 10. Bg5 Bd7 11. Ne4 Bc6 12. Qe2 Qe7 13. Rad1 Nbd7 14. c3
O-O-O 15. Rd2 Ne5 16. Bc2 h6 17. Rxd8+ Rxd8 18. Bxf6 gxf6 19. Re1 Rg8 20. Nd4
Bd5 21. Bb3 Bxe4 22. Qxe4 Qc5 23. Bd1 Bc7 24. Qh7 Qf8 25. Nf3 Nxf3+ 26. Bxf3 f5
27. Bh5 Rg7 0-1

[Event "FRA Ch T 4"]
[Site "FRA"]
[Date "2013.04.08"]
[Round "7.5"]
[White "Meunier, Samuel"]
[Black "Prioux, Michel"]
[Result "1-0"]
[WhiteElo "1931"]
[BlackElo "1736"]
[PlyCount "83"]
[EventDate "2012.10.24"]
[EventType "team-match"]
[EventCountry "FRA"]
[SourceDate "2005.09.12"]

1. e4 c5 2. Nf3 g6 3. d4 cxd4 4. Nxd4 Nc6 5. Be2 Bg7 6. Be3 Nf6 7. Nc3 O-O 8.
O-O d6 9. Nb3 Be6 10. f4 Bxb3 11. axb3 a6 12. Bf3 Rc8 13. Na4 Nd7 14. Qd2 Qa5
15. Nc3 Qc7 16. Rfd1 Nf6 17. Nd5 Nxd5 18. exd5 Nb8 19. c3 Nd7 20. Re1 Nc5 21.
Qc2 Rfe8 22. Rad1 Qa5 23. b4 Qa4 24. Qf2 Nb3 25. Be4 a5 26. Bc2 axb4 27. Ra1
Qb5 28. Bxb3 bxc3 29. Ba4 Qxb2 30. Bxe8 Qxf2+ 31. Kxf2 Rxe8 32. Ke2 b5 33. Kd3
e6 34. Bd4 Bh6 35. g3 b4 36. Rab1 e5 37. fxe5 Bd2 38. Re2 dxe5 39. Rxe5 Rc8 40.
Kc2 f6 41. Re6 Rc4 42. Bxf6 1-0

[Event "FRA Ch T 4"]
[Site "FRA"]
[Date "2013.04.08"]
[Round "7.6"]
[White "Waczecka, Jerome"]
[Black "Biniaux, Mickael"]
[Result "1-0"]
[WhiteElo "1732"]
[BlackElo "1727"]
[PlyCount "65"]
[EventDate "2012.10.24"]
[EventType "team-match"]
[EventCountry "FRA"]
[SourceDate "2005.09.12"]

1. d4 d5 2. Nf3 c5 3. c3 cxd4 4. cxd4 Nc6 5. Bg5 Qb6 6. Nc3 e6 7. Rb1 g6 8. e3
Bg7 9. a3 Nf6 10. Bd3 O-O 11. O-O Re8 12. Qd2 a6 13. Rfc1 Qa5 14. Qd1 b5 15.
Bxf6 Bxf6 16. Nxd5 exd5 17. Rxc6 Be7 18. Ne5 Bb7 19. Rc2 Bd6 20. Ng4 Kg7 21.
Qf3 f5 22. Bxf5 Rf8 23. Qh3 Rxf5 24. Nh6 Bc8 25. Rxc8 Rxc8 26. Nxf5+ gxf5 27.
Qxf5 Qd8 28. g3 Bb8 29. Qe6 Rc2 30. Qg4+ Kh8 31. Qf5 Rd2 32. Rc1 Bc7 33. Rxc7
1-0

[Event "FRA Ch T 4"]
[Site "FRA"]
[Date "2013.04.08"]
[Round "7.7"]
[White "Lhoest, Alain"]
[Black "Renard, Luc"]
[Result "0-1"]
[WhiteElo "1696"]
[BlackElo "1715"]
[PlyCount "114"]
[EventDate "2012.10.24"]
[EventType "team-match"]
[EventCountry "FRA"]
[SourceDate "2005.09.12"]

1. e4 e6 2. d4 d5 3. Nd2 Nf6 4. e5 Nfd7 5. c3 c5 6. Ndf3 Nc6 7. Bb5 Qb6 8. Bxc6
bxc6 9. Ne2 Ba6 10. O-O Bxe2 11. Qxe2 Rb8 12. b3 cxd4 13. cxd4 c5 14. Be3 cxd4
15. Bxd4 Bc5 16. Bxc5 Qxc5 17. Rac1 Qb6 18. Qc2 Ke7 19. Qc6 Qxc6 20. Rxc6 Rhc8
21. Rfc1 Rxc6 22. Rxc6 Kd8 23. Kf1 Rb6 24. Rxb6 axb6 25. Ke2 f6 26. Nd4 Ke7 27.
Nc6+ Ke8 28. f4 fxe5 29. fxe5 Nf8 30. Nd4 Kd7 31. Kd3 Ng6 32. Nf3 Nf4+ 33. Kd4
Nxg2 34. Ng5 h6 35. Nh3 Nh4 36. Ng1 Kc6 37. a4 Nf5+ 38. Kc3 g5 39. h3 h5 40.
Ne2 g4 41. hxg4 hxg4 42. Nf4 g3 43. Ng2 d4+ 44. Kd3 Kc5 45. Ne1 Kb4 46. Kc2
Ne3+ 47. Kd3 g2 48. Nf3 Nf5 49. Kc2 Nh4 50. Ng1 Ng6 51. Kd3 Kxb3 52. a5 bxa5
53. Kxd4 Kb4 54. Kd3 a4 55. Kc2 Nxe5 56. Kb2 Nd3+ 57. Ka2 Nf4 0-1

[Event "FRA Ch T 4"]
[Site "FRA"]
[Date "2013.04.08"]
[Round "7.8"]
[White "Gervaise, Marina"]
[Black "Pierlot, Aurore"]
[Result "1/2-1/2"]
[WhiteElo "1650"]
[BlackElo "1420"]
[PlyCount "108"]
[EventDate "2012.10.24"]
[EventType "team-match"]
[EventCountry "FRA"]
[SourceDate "2005.09.12"]

1. e4 e5 2. Nf3 Nc6 3. Nc3 d6 4. b3 Nf6 5. h3 Be7 6. Bc4 Be6 7. Bxe6 fxe6 8.
Bb2 d5 9. exd5 exd5 10. d4 e4 11. Ne5 Qd6 12. Nxc6 Qxc6 13. a3 O-O-O 14. Qe2 h5
15. Qb5 Qe6 16. O-O-O a6 17. Qe2 g5 18. Rhe1 g4 19. hxg4 Qxg4 20. Qxg4+ Nxg4
21. Re2 Rhf8 22. Rf1 Bg5+ 23. Kb1 h4 24. Bc1 Be7 25. Kb2 Rf5 26. Nd1 Rdf8 27.
Ne3 Rxf2 28. Rexf2 Nxf2 29. Ka2 c6 30. Bd2 Bg5 31. c4 Bh6 32. Kb1 Nd3 33. Rxf8+
Bxf8 34. cxd5 cxd5 35. Nxd5 Bxa3 36. Nf6 Nf2 37. Be3 Nd1 38. Ng4 Kd7 39. Kc2
Nxe3+ 40. Nxe3 Kc6 41. Nf5 Kd5 42. Kc3 b5 43. Nxh4 b4+ 44. Kd2 Kxd4 45. g4 e3+
46. Kc2 Ke5 47. g5 e2 48. Nf3+ Ke4 49. Ne1 Kf5 50. Nd3 Kxg5 51. Kd2 Kf5 52.
Kxe2 Ke4 53. Kd2 Kd4 54. Kc2 Kd5 1/2-1/2

[Event "FRA Ch T 4"]
[Site "FRA"]
[Date "2013.04.07"]
[Round "7.1"]
[White "Pytel, Krzysztof"]
[Black "Guyot, Philippe"]
[Result "1-0"]
[WhiteElo "1894"]
[BlackElo "1976"]
[PlyCount "151"]
[EventDate "2012.10.24"]
[EventType "team-match"]
[EventCountry "FRA"]
[SourceDate "2005.09.12"]

1. d4 Nf6 2. Nf3 e6 3. e3 d5 4. Bd3 c5 5. b3 Bd6 6. Bb2 Qc7 7. O-O b6 8. c4 Bb7
9. Nc3 a6 10. cxd5 exd5 11. dxc5 bxc5 12. Rc1 O-O 13. Bf5 Qe7 14. Bh3 Rd8 15.
g3 Nbd7 16. Bg2 Rac8 17. Nh4 Qe6 18. Qc2 g6 19. Rfd1 Bf8 20. Ne2 Nb6 21. Nf3
Bg7 22. Nf4 Qe8 23. Bc3 d4 24. Ba5 Qb5 25. Bxb6 Qxb6 26. exd4 cxd4 27. Qd3 Rxc1
28. Rxc1 Be4 29. Qd2 Bf8 30. Rc4 Bg7 31. Rxd4 Rxd4 32. Qxd4 Qxd4 33. Nxd4 Bb1
34. a4 Nd7 35. Nfe2 Nc5 36. a5 Bd3 37. b4 Na4 38. b5 axb5 39. a6 Nb6 40. a7 b4
41. Nf4 Bc4 42. Nc2 b3 43. Na3 b2 44. a8=Q+ Nxa8 45. Bxa8 g5 46. Bd5 Ba6 47.
Ng2 Bd3 48. Ba2 Bf8 49. Bb1 Ba6 50. Nc2 h6 51. Nge1 Bc5 52. Ne3 Bd4 53. Nd3 Bc8
54. Kf1 h5 55. Ke2 Be6 56. Kd2 Bb3 57. Nd1 Kg7 58. N1xb2 Kh6 59. Nd1 Be6 60.
Ne3 f5 61. Nb4 f4 62. gxf4 gxf4 63. Ng2 Bxf2 64. Nxf4 Bd7 65. Ke2 Bc5 66. Nbd3
Bg4+ 67. Kd2 Bg1 68. h3 Bf5 69. Ke2 Bh2 (69... Kg5 $11 70. Kf3 Ba7) 70. Ba2 Kg5
71. Kf3 Kh4 72. Kg2 Bg3 73. Bd5 Bh7 74. Ne5 Kg5 75. Kxg3 Kf5 76. Nf3 1-0

[Event "FRA Ch T 4"]
[Site "FRA"]
[Date "2013.04.08"]
[Round "7.2"]
[White "Szylar, Eric"]
[Black "Brun, Francoise"]
[Result "1-0"]
[WhiteElo "2079"]
[BlackElo "1826"]
[PlyCount "90"]
[EventDate "2012.10.24"]
[EventType "team-match"]
[EventCountry "FRA"]
[SourceDate "2005.09.12"]

1. e4 c5 2. Nf3 d6 3. Bb5+ Bd7 4. Bxd7+ Nxd7 5. O-O Ngf6 6. Re1 g6 7. c3 Bg7 8.
d4 cxd4 9. cxd4 e5 10. Bg5 O-O 11. Nc3 h6 12. Bh4 Qb6 13. Na4 Qa6 14. dxe5 Nxe5
15. Nxe5 dxe5 16. Bxf6 Qxf6 17. Nc3 Qb6 18. Qb3 Qxb3 19. axb3 Rfd8 20. Red1 a6
21. Rd5 Rxd5 22. Nxd5 Bf8 23. Rc1 Bd6 24. Kf1 f5 25. f3 Kf7 26. Ke2 Rd8 27. Kd3
Ke6 28. Ke2 Rf8 29. b4 h5 30. h3 Rd8 31. Kf2 g5 32. Ke2 Rh8 33. Ke3 Bb8 34. Kd2
g4 35. Rc3 gxh3 36. gxh3 Rg8 37. Kd3 Rg3 38. Kc4 Rxh3 39. b5 fxe4 40. fxe4
axb5+ 41. Kxb5 Rxc3 42. Nxc3 Ba7 43. Kc4 h4 44. Kd3 h3 45. Ne2 Bf2 1-0

[Event "FRA Ch T 4"]
[Site "FRA"]
[Date "2013.04.09"]
[Round "7.3"]
[White "Lassalle, Arnaud"]
[Black "Guillaume, Jean Francois"]
[Result "1-0"]
[WhiteElo "2053"]
[BlackElo "1845"]
[PlyCount "69"]
[EventDate "2012.10.24"]
[EventType "team-match"]
[EventCountry "FRA"]
[SourceDate "2005.09.12"]

1. e4 c5 2. Nf3 e6 3. d4 cxd4 4. Nxd4 Nc6 5. Be3 Nf6 6. Nc3 Qc7 7. Bd3 a6 8.
O-O Ne5 9. Be2 Bb4 10. f4 Nc4 11. Bxc4 Qxc4 12. Qd3 b5 13. Qxc4 bxc4 14. Nde2
Bb7 15. e5 Nd5 16. Bd4 Nc7 17. f5 exf5 18. Rxf5 Ne6 19. Be3 O-O 20. Rd1 Rad8
21. Bb6 Bc5+ 22. Bxc5 Nxc5 23. Nd5 Rfe8 24. Nec3 Ne6 25. Nb6 Nc5 26. Nxc4 Bc6
27. Nd6 Re6 28. Nxf7 Rf8 29. Rdf1 Ree8 30. Nd6 Rxf5 31. Rxf5 g6 32. Nxe8 gxf5
33. Nd6 f4 34. Ne2 Ne6 35. Kf2 1-0

[Event "FRA Ch T 4"]
[Site "FRA"]
[Date "2013.04.09"]
[Round "7.4"]
[White "Bertrand, Catherine"]
[Black "Halfaoui, Eddine"]
[Result "1-0"]
[WhiteElo "1827"]
[BlackElo "1894"]
[PlyCount "65"]
[EventDate "2012.10.24"]
[EventType "team-match"]
[EventCountry "FRA"]
[SourceDate "2005.09.12"]

1. e4 c6 2. b3 d5 3. Bb2 dxe4 4. Nc3 Nf6 5. Nge2 Bg4 6. h3 Bxe2 7. Qxe2 e6 8.
Nxe4 Nbd7 9. g4 Nxe4 10. Qxe4 Qh4 11. Qg2 Nf6 12. Ba6 Bc5 13. Bxb7 O-O 14. Bxa8
Rxa8 15. O-O-O Nd5 16. Rhf1 Rc8 17. f4 Qe7 18. f5 e5 19. Qe4 Bd6 20. Kb1 Nf6
21. Qc4 Nd5 22. Rde1 Nb6 23. Qe4 c5 24. d4 cxd4 25. Bxd4 Qc7 26. Bb2 Nd7 27.
Rd1 Nf6 28. Qd3 Bc5 29. g5 Nh5 30. g6 hxg6 31. fxg6 f6 32. Qc4+ Kf8 33. Bxe5
1-0

[Event "FRA Ch T 4"]
[Site "FRA"]
[Date "2013.04.09"]
[Round "7.5"]
[White "Pytel, Bozena"]
[Black "Ferrand, Christophe"]
[Result "0-1"]
[WhiteElo "1945"]
[BlackElo "1907"]
[PlyCount "136"]
[EventDate "2012.10.24"]
[EventType "team-match"]
[EventCountry "FRA"]
[SourceDate "2005.09.12"]

1. Nf3 Nf6 2. d4 e6 3. c4 b6 4. Nc3 Bb4 5. Qb3 Bxc3+ 6. Qxc3 Ne4 7. Qc2 Bb7 8.
e3 O-O 9. Bd3 f5 10. O-O d6 11. Ne1 Nd7 12. f3 Nef6 13. e4 fxe4 14. fxe4 e5 15.
d5 Qe8 16. Nf3 Nc5 17. Bd2 Bc8 18. b4 Nxd3 19. Qxd3 Qg6 20. Rac1 a5 21. a3 axb4
22. axb4 Bd7 23. Nh4 Qg4 24. Nf5 Bxf5 25. Rxf5 Ra2 26. h3 Qg6 27. Rg5 Qf7 28.
Rf1 Rfa8 29. Rg3 Ra1 30. Be1 Kh8 31. Rgf3 Qg6 32. Kh2 h6 33. Bd2 Rxf1 34. Qxf1
Kh7 35. Be3 Ra2 36. c5 bxc5 37. bxc5 Nxe4 38. c6 Nf6 39. Bf2 Rd2 40. Be3 Rxd5
41. Qa6 Qe8 42. Qb7 Qe7 43. Bb6 Ne8 44. Ba7 e4 45. Rg3 Qe5 46. Qc8 Rd3 47. Bf2
e3 48. Be1 e2 49. Qg4 Rxg3 50. Qxg3 Qxg3+ 51. Kxg3 Kg6 52. Kf3 Kf6 53. Kxe2 Ke6
54. Ke3 Kd5 55. Kf4 Kxc6 56. Kf5 Kd7 57. Bc3 c5 58. g4 d5 59. h4 Kd6 60. Be5+
Ke7 61. g5 hxg5 62. hxg5 d4 63. Ke4 Ke6 64. Bf4 g6 65. Be5 Nd6+ 66. Kf4 d3 67.
Bc3 Kd5 68. Bf6 d2 0-1

[Event "FRA Ch T 4"]
[Site "FRA"]
[Date "2013.04.09"]
[Round "7.6"]
[White "Moine, Patrick"]
[Black "Fauchart, Francois"]
[Result "0-1"]
[WhiteElo "1890"]
[BlackElo "1641"]
[PlyCount "91"]
[EventDate "2012.10.24"]
[EventType "team-match"]
[EventCountry "FRA"]
[SourceDate "2005.09.12"]

1. d4 d5 2. c4 c6 3. Nc3 Nf6 4. Nf3 e6 5. e3 Bb4 6. Bd2 O-O 7. Bd3 Re8 8. O-O
Nbd7 9. Re1 e5 10. e4 exd4 11. Nxd4 dxc4 12. Bxc4 Ne5 13. Bg5 Nxc4 14. Bxf6
Qxf6 15. Nde2 Bc5 16. Rf1 Bg4 17. b3 Nd6 18. Qc2 Bxe2 19. Nxe2 Nxe4 20. Ng3
Nxg3 21. hxg3 Bb6 22. Rad1 Rad8 23. Rde1 Rxe1 24. Rxe1 g6 25. g4 Qg5 26. Re4
Qd2 27. Re8+ Kg7 28. Re2 Qxc2 29. Rxc2 Rd1+ 30. Kh2 Rd5 31. g3 f5 32. gxf5 Rxf5
33. Kg2 h5 34. f4 g5 35. fxg5 Kg6 36. Kh3 Kxg5 37. Rc4 Rf2 38. a4 Rf3 39. b4
Bc7 40. Rc5+ Kg6 41. b5 Rxg3+ 42. Kh4 Rg4+ 43. Kh3 Rg5 44. Rc4 Rg3+ 45. Kh4
Rg4+ 46. Kh3 0-1

[Event "FRA Ch T 4"]
[Site "FRA"]
[Date "2013.04.09"]
[Round "7.7"]
[White "Louis, Andre"]
[Black "Tassetti, Florent"]
[Result "0-1"]
[WhiteElo "1702"]
[BlackElo "1711"]
[PlyCount "82"]
[EventDate "2012.10.24"]
[EventType "team-match"]
[EventCountry "FRA"]
[SourceDate "2005.09.12"]

1. e4 c5 2. Nc3 e6 3. g3 Nc6 4. Bg2 Nf6 5. d3 Be7 6. Be3 d5 7. exd5 exd5 8. Bf4
O-O 9. Nge2 Be6 10. O-O Qd7 11. Bg5 d4 12. Bxf6 Bxf6 13. Ne4 Be7 14. Nf4 Bg4
15. f3 Bf5 16. Re1 Bd6 17. Qd2 Ne7 18. Re2 Rac8 19. Rae1 Bxf4 20. Qxf4 Nd5 21.
Qh4 Ne3 22. g4 Bg6 23. f4 f5 24. g5 fxe4 25. dxe4 Qg4 26. Qxg4 Nxg4 27. f5 Bh5
28. Bf3 g6 29. Bxg4 Bxg4 30. Rg2 gxf5 31. exf5 Bxf5 32. Re7 Bg6 33. Rxb7 Be4
34. Rxa7 Bxg2 35. Kxg2 Rfe8 36. Kg3 Re2 37. c3 d3 38. Rd7 d2 39. h4 c4 40. h5
Re3+ 41. Kg4 Rd3 0-1

[Event "FRA Ch T 4"]
[Site "FRA"]
[Date "2013.04.09"]
[Round "7.8"]
[White "Prost, Catherine"]
[Black "Lechein, Capucine"]
[Result "1-0"]
[WhiteElo "1240"]
[BlackElo "1099"]
[PlyCount "73"]
[EventDate "2012.10.24"]
[EventType "team-match"]
[EventCountry "FRA"]
[SourceDate "2005.09.12"]

1. Nf3 Nc6 2. b3 d5 3. Bb2 e6 4. e3 Bd6 5. Bb5 Bd7 6. O-O Nf6 7. d3 O-O 8. Nbd2
a6 9. Bxc6 Bxc6 10. Qe2 Qe7 11. Ne5 Bb5 12. c4 dxc4 13. bxc4 Ba4 14. f4 Bc2 15.
Ndf3 Ba4 16. Rfc1 Bxe5 17. Nxe5 Rad8 18. Rab1 b6 19. Rc3 Rfe8 20. Ba3 c5 21.
Rxb6 Ra8 22. d4 Rac8 23. Bxc5 Rxc5 24. dxc5 Qxc5 25. Rxa6 Qb4 26. Rc1 h6 27.
Qf3 Bd7 28. Nxd7 Nxd7 29. Ra8 Rxa8 30. Qxa8+ Nf8 31. Qd8 Qb2 32. Qd1 Qxa2 33.
c5 Qd5 34. Qxd5 exd5 35. c6 Ne6 36. c7 Nxc7 37. Rxc7 1-0

[Event "Top Loire 2012-2013"]
[Site "Loire"]
[Date "2012.10.06"]
[Round "1.1"]
[White "Licata, Luc"]
[Black "Bruel, Bruno"]
[Result "1-0"]
[WhiteElo "2060"]
[BlackElo "1780"]
[PlyCount "53"]
[EventDate "2013.??.??"]
[EventCountry "FRA"]
[SourceDate "2005.09.12"]

1. c4 c6 2. Nf3 d5 3. g3 Nf6 4. Bg2 Bf5 5. cxd5 cxd5 6. Qb3 b6 7. Nc3 e6 8. Nh4
Bg6 9. Nxg6 hxg6 10. e4 Nbd7 11. exd5 exd5 12. d4 Bd6 13. O-O O-O 14. Bg5 Rc8
15. Nxd5 Be7 16. Nxe7+ Qxe7 17. Rfe1 Qd6 18. Qa4 b5 19. Qxb5 Qxd4 20. Be3 Qc4
21. Qxc4 Rxc4 22. Bxa7 Rfc8 23. b3 Rc2 24. a4 Nc5 25. Bxc5 R8xc5 26. a5 Rb2 27.
a6 1-0

[Event "Top Loire 2012-2013"]
[Site "Loire"]
[Date "2012.10.06"]
[Round "1.2"]
[White "Carteron, Olivier"]
[Black "Deville, Olivier"]
[Result "0-1"]
[WhiteElo "1780"]
[BlackElo "1964"]
[PlyCount "60"]
[EventDate "2013.??.??"]
[EventCountry "FRA"]
[SourceDate "2005.09.12"]

1. d4 Nf6 2. Nf3 e6 3. Bg5 c5 4. c3 b6 5. e3 Bb7 6. Bd3 Be7 7. O-O Ne4 8. Bf4
O-O 9. Nfd2 f5 10. f3 Nf6 11. e4 Nc6 12. Be3 cxd4 13. Bxd4 Qe8 14. Bxf6 Rxf6
15. exf5 exf5 16. Re1 Bc5+ 17. Kh1 Qh5 18. Nf1 Bd6 19. Bc4+ Kh8 20. Bd5 Bxh2
21. Nxh2 Rh6 22. Kg1 Qxh2+ 23. Kf2 Rg6 24. Rg1 Qg3+ 25. Kf1 Ba6+ 26. c4 Re8 27.
Nd2 Nb4 28. Bf7 Nd3 29. Ne4 fxe4 30. Qe2 Ne5 0-1

[Event "Top Loire 2012-2013"]
[Site "Loire"]
[Date "2012.10.06"]
[Round "1.3"]
[White "Tchalimian, Pascal"]
[Black "Walter, Alain"]
[Result "1/2-1/2"]
[WhiteElo "1950"]
[BlackElo "1770"]
[PlyCount "149"]
[EventDate "2013.??.??"]
[EventCountry "FRA"]
[SourceDate "2005.09.12"]

1. e4 c5 2. Nf3 e6 3. g3 Nf6 4. d3 Nc6 5. Bg2 d6 6. O-O Be7 7. c3 O-O 8. Bg5 h6
9. Bxf6 Bxf6 10. Nbd2 Qc7 11. Ne1 b6 12. f4 Bb7 13. Nc2 Rac8 14. Qh5 Ba6 15.
Rf3 Kh7 16. g4 g6 17. Qh3 g5 18. Qh5 Kg7 19. Rh3 Rh8 20. Rf1 Rcf8 21. e5 dxe5
22. f5 exf5 23. Rxf5 Ne7 24. Rf2 Ng6 25. Be4 Nf4 26. Rxf4 exf4 27. Rf3 Bb7 28.
Ne1 Re8 29. Rf1 b5 30. Nef3 c4 31. Bxb7 Qxb7 32. d4 Re2 33. Rf2 Rxf2 34. Kxf2
Re8 35. Qh3 Qe7 36. Qf1 Qe3+ 37. Kg2 h5 38. h3 hxg4 39. hxg4 Qe6 40. b3 Qxg4+
41. Kh1 Rh8+ 42. Nh2 Qg3 43. Qe2 Qxc3 44. bxc4 Bxd4 45. Ndf3 bxc4 46. Kg2 Rb8
47. Kh3 f5 48. Qe7+ Kg8 49. Qe6+ Kg7 50. Qd7+ Kg6 51. Qd6+ Kh5 52. Qxb8 g4+ 53.
Kg2 Qc2+ 54. Kh1 Qd1+ 55. Kg2 gxf3+ 56. Kh3 Qe1 57. Qxf4 Qe4 58. Qxf3+ Qxf3+
59. Nxf3 Bb2 60. Kg3 Bf6 61. Kf4 c3 62. Ne1 Bg5+ 63. Kxf5 Bd2 64. Nc2 Kh6 65.
a4 Kg7 66. Ke6 Kg6 67. Nb4 Be3 68. Ke5 Kf7 69. Ke4 Bd2 70. Kd3 Ke6 71. Nc6 Kd6
72. Nxa7 Kc5 73. a5 Kb4 74. Nc6+ Kb5 75. Nd4+ 1/2-1/2

[Event "Top Loire 2012-2013"]
[Site "Loire"]
[Date "2012.10.06"]
[Round "1.4"]
[White "Libiszewski, Christian"]
[Black "Cursoux, Gerard"]
[Result "0-1"]
[WhiteElo "1750"]
[BlackElo "1900"]
[PlyCount "72"]
[EventDate "2013.??.??"]
[EventCountry "FRA"]
[SourceDate "2005.09.12"]

1. e4 c5 2. Nf3 Nc6 3. Bb5 Qc7 4. O-O d6 5. c3 a6 6. Ba4 Nf6 7. Re1 b5 8. Bc2
Bg4 9. h3 Bh5 10. d3 e6 11. Nbd2 Be7 12. Nf1 d5 13. exd5 Nxd5 14. Ng3 Bg6 15.
Bd2 O-O 16. d4 Bxc2 17. Qxc2 cxd4 18. cxd4 Rac8 19. Rac1 Qb6 20. Qe4 Nf6 21.
Qd3 Rfd8 22. Be3 Nb4 23. Qb1 Nbd5 24. Rxc8 Rxc8 25. Rc1 Qb8 26. Rxc8+ Qxc8 27.
Ng5 Qc4 28. Nh5 h6 29. Nxf6+ Nxf6 30. Nf3 Nd5 31. Ne5 Qe2 32. Qc1 Nxe3 33. fxe3
Bg5 34. Ng4 h5 35. Nf2 Bxe3 36. Qf1 Qxb2 0-1

[Event "Top Loire 2012-2013"]
[Site "Loire"]
[Date "2012.10.13"]
[Round "1.5"]
[White "Garon, Pierre"]
[Black "Moleins, Adrien"]
[Result "0-1"]
[WhiteElo "1896"]
[BlackElo "1726"]
[PlyCount "78"]
[EventDate "2013.??.??"]
[EventCountry "FRA"]
[SourceDate "2005.09.12"]

1. d4 f5 2. Nc3 Nf6 3. Bg5 e6 4. Qd2 Be7 5. f3 O-O 6. O-O-O d6 7. e4 fxe4 8.
fxe4 d5 9. e5 Ng4 10. Bxe7 Qxe7 11. Nf3 a6 12. h3 Nh6 13. Be2 Bd7 14. g4 b5 15.
Rdf1 c5 16. dxc5 Qxc5 17. Bd3 Nf7 18. g5 Nc6 19. Qe2 g6 20. h4 Nd4 21. Nxd4
Qxd4 22. Re1 b4 23. Nd1 Bb5 24. Qe3 Qxe3+ 25. Rxe3 Bxd3 26. cxd3 Nd8 27. Rh2
Nc6 28. Nf2 Rf4 29. h5 Raf8 30. Nd1 Nd4 31. hxg6 Rc8+ 32. Kb1 Rf1 33. gxh7+ Kh8
34. Rd2 Kxh7 35. Rh3+ Kg6 36. b3 Nf3 37. Rxf3 Rxf3 38. Kb2 Kxg5 39. d4 Kf4 0-1